Normal view
MARC view
Entry Topical Term
001 - CONTROL NUMBER
- control field: 255404
003 - CONTROL NUMBER IDENTIFIER
- control field: OSt
005 - DATE AND TIME OF LATEST TRANSACTION
- control field: 20260217162950.0
008 - FIXED-LENGTH DATA ELEMENTS
- fixed length control field: 260217|| aca||aabn | a|a d
040 ## - CATALOGING SOURCE
- Original cataloging agency: OSt
- Transcribing agency: OSt
150 ## - HEADING--TOPICAL TERM
- Topical term or geographic name entry element: sharma
670 ## - SOURCE DATA FOUND
- Source citation: Work cat.: (OSt)123403: SHRIDHAR (Pradip) श्रीधर (प्रदीप 255401, Vaishvik hindi sahitya aur tejendra sharma, 2018